000 00610nam a2200205 a 4500
001 70284
003 BD-RjUL
005 20211209082001.0
008 170416r19601957enka 000 0 eng
035 _a(BD-RjUL)70498
040 _aDLC
_cCarP
_dDLC
_dBD-RjUL
_beng
041 _aeng
082 _223
_a530
_bNON 1960
100 1 _aNoakes, G. R.
_q(George Robert)
_9155047
245 1 0 _aNew intermediate physics /
_cG. R. Noakes.
260 _aLondon :
_bMacmillan;
_aNew York :
_bSt. Martin's Press,
_c1957 [reprinted 1960].
300 _a982 p. :
_bill. ;
_c23 cm.
650 0 _aPhysics.
_9208137
942 _2ddc
_cBK
999 _c70284
_d70284